banner koha

Resumo dos trabalhos apresentados no 24. Congresso Brasileiro de Fitopatologia (Registro n. 137953)

MARC details
000 -LÍDER
campo de controle de tamanho fixo 00918nas a2200229 4500
001 - NÚMERO DE CONTROLE
campo de controle BR9210471
003 - IDENTIFICADOR DO NÚMERO DE CONTROLE
campo de controle BR-BrBNA
005 - DATA E HORÁRIO DA ÚLTIMA TRANSAÇÃO
campo de controle 20231205093359.0
007 - CAMPO FIXO DE DESCRIÇÃO FÍSICA--INFORMAÇÃO GERAL
campo de controle de tamanho fixo ta
008 - CAMPO DE DADOS FIXOS--INFORMAÇÃO GERAL
campo de controle de tamanho fixo 230509b bl.|||p| |||| 00| 00por d
040 ## - FONTE DA CATALOGAÇÃO
Instituição da catalogação original BR-BrBNA
Idioma da catalogação por
Instituição que transcreveu o registro Biblioteca Nacional de Agricultura
041 ## - CÓDIGO DE IDIOMA
Código do idioma do texto/trilha sonora ou título diferente (Pt)
072 ## - CÓDIGO DE CATEGORIA DE ASSUNTO
Código de Categoria de Assunto H20
110 1# - ENTRADA PRINCIPAL--NOME CORPORATIVO
Nome corporativo ou nome da jurisdição Sociedade Brasileira de Fitopatologia, Brasilia, DF (Brasil)
9 (RLIN) 9719
111 1# - ENTRADA PRINCIPAL--NOME DO EVENTO
Nome do evento ou lugar 24. Congresso Brasileiro de Fitopatologia
Local do evento Rio de Janeiro, RJ (Brazil)
Data do evento ou assinatura do tratado 8-10 Aug 1991
245 1# - TÍTULO
Título Resumo dos trabalhos apresentados no 24. Congresso Brasileiro de Fitopatologia
246 1# - FORMA VARIANTE DO TÍTULO
Título/título abreviado [Abstracts of the papers presented at the 24. Annual Meeting of the Brazilian Phytopathological Society!
650 ## - ASSUNTO--TERMO TÓPICO
Cabeçalho tópico ou nome geográfico DOENCA DE PLANTA
773 0# - ENTRADA ANALÍTICA
Título Fitopatologia Brasileira (Brazil)
ISSN - International Standard Serial Number ISSN 0100-4158
Partes relacionadas (Jun 1991), v. 16(2) p. 4-60
Número de controle do registro BR9210471
909 ## -
-- 202311
-- Lúcia
-- 55
-- Lúcia Elande
942 ## - ELEMENTOS DE ENTRADA ADICIONADOS (KOHA)
Fonte da classificação ou esquema de arquivamento na estante Classificação AGRIS
Ocultar no OPAC Não
Tipo de material Koha Analítica
Exemplares
Situação do descarte Fonte da classificação ou esquema de arquivamento na estante Situação física Não pode ser emprestado Biblioteca de origem Biblioteca atual Localização na estante Enumeração do periódico / cronologia Total de empréstimos Data de último acesso Número do exemplar Tipo de material Koha Fonte de aquisição
  Classificação AGRIS   Consulta local Biblioteca Nacional de Agricultura - Binagri Biblioteca Nacional de Agricultura - Binagri   (Jun 1991), v. 16(2) p. 4-60   29/11/2023 01 Periódicos Portaria Interministerial nº 164/94

BINAGRI

Telefone: (61)3218-2567/2388/3357/2097 - binagri@agro.gov.br

Ministério da Agricultura e Pecuária , Esplanada dos Ministérios, Bloco D, Anexo B, Brasília/DF, CEP: 70.043-900